| 000 | 00621nam a2200205 a 4500 | ||
|---|---|---|---|
| 001 | 12492 | ||
| 003 | CO-ViMGA | ||
| 008 | 141112s2004 ck r 000 u spa d | ||
| 020 | _a8425505305 | ||
| 040 |
_aCO-ViMGA _bspa _cCO-ViMGA |
||
| 082 | 0 | 4 | _a796.8159 T15k |
| 100 | 1 |
_aTang, P. Peter _917989 |
|
| 245 | 1 | 0 |
_aKung Fu : _bManual practico |
| 250 | _a4 | ||
| 260 |
_aBarcelona : _bHispano Europea, _c1991 |
||
| 300 | _a170p. : il. | ||
| 590 | _aForma de adquisición : COMPRA - - Precio : 50.600 - - Proveedor : TUCIDIDES PEREA - - Fecha de adquisición : 09 - 06 - 2000 | ||
| 650 | 1 | 4 |
_aKARATE _93133 |
| 942 |
_2ddc _cBK |
||
| 999 |
_c23489 _d23489 |
||